The dream

Bibliographic Details
Main Author: Murray, William
Format: Book
Published: USA : Ladybird Books LTD
Series:Read with me!
Subjects:

MARC

LEADER 00000cam a2200000 7i4500
001 0000008231
002 000008976
005 20040128.0
020 |a 0721413196 
090 0 0 |a JF   |b MUR 
100 1 |a Murray, William 
245 1 4 |a The dream   |c William Murray 
260 |a USA :   |b Ladybird Books LTD 
300 |a 41p. :   |b ill ;   |c 17cm. 
490 0 |a Read with me! 
650 0 0 |a Children's stories 
999 |a 052606   |b BUKU   |c PINJAMAN   |e PERPUSTAKAAN KOMUNITI PETALING JAYA 
999 |a 052607   |b BUKU   |c PINJAMAN   |e PERPUSTAKAAN KOMUNITI PETALING JAYA 
999 |a 052608   |b BUKU   |c PINJAMAN   |e PERPUSTAKAAN KOMUNITI CAW KOTA DAMANSARA 
999 |a 055656   |b BUKU   |c PINJAMAN   |e PERPUSTAKAAN KOMUNITI CAW KOTA DAMANSARA 
999 |a 055657   |b BUKU   |c PINJAMAN   |e PERPUSTAKAAN KOMUNITI CAW KOTA DAMANSARA